| 000 | 00809nam a22002297a 4500 | ||
|---|---|---|---|
| 999 |
_c9603 _d9603 |
||
| 003 | AR-CdUCM | ||
| 008 | 190328b ||||| |||| 00| 0 spa d | ||
| 040 |
_aMUNICIPALIDAD PROVINCIAL DEL CUSCO _cBIBLIOTECA MUNICIPAL DEL CUSCO |
||
| 082 |
_a928 / _bP78M / 1966 |
||
| 100 |
_aMata, G. Humberto _925603 |
||
| 245 | _aMagda Portal pasionaria del verso / | ||
| 260 |
_aEcuador : _b[s.e], _c1966. |
||
| 300 |
_a20 páginas ; _c22.5 cm. |
||
| 500 | _aDonación de la familia Nieto. Producción artesanal; mecanografíado. | ||
| 505 | _aContenido: Biografía (ensayo) de la poetisa peruana Magda Portal. | ||
| 650 |
_aLiteratos - Biografías _925917 |
||
| 650 |
_aMueres poetas _925918 |
||
| 650 |
_aMagda Portal _925919 |
||
| 650 |
_aBiografías - Mujeres _925920 |
||
| 942 |
_2ddc _cLIBROS |
||
| 945 | _alccs | ||